عرض عادي عرض مارك
  • Joehnk, Michael D.

مدخل إسم شخص

عدد التسجيلات المستخدمة في: 1

001 - رقم الضبط

  • حقل الضبط: 6185

003 - معرف رقم الضبط

  • حقل الضبط: OSt

005 - تاريخ ووقت أخر عملية

  • حقل الضبط: 20111102162820.0

008 - عناصر بيانات ثابتة الطول

  • حقل تحكم ثابت الطول: 111102|||a|||||| | ||| d

040 ## - مصدر الفهرسة

  • هيئة الفهرسة الأصلية: OSt
  • وكالة الكتابة: OSt

100 ## - مدخل -- أسم شخص

  • إسم شخص: Joehnk, Michael D.

670 ## - بيانات المصدر موجوده

  • الاستشهاد بالمصدر: Work cat.: (OSt)1029: Gitman, Lawrence J. 6181, Fundamentals of investing /, c2005.